| 000 | 00716nas a2200265 i 4500 | ||
|---|---|---|---|
| 001 | 154 | ||
| 003 | ES-MaACL | ||
| 005 | 20250828062524.0 | ||
| 007 | t| | ||
| 008 | 950801c1984 sp |y s | ||pa d | ||
| 022 | _a0213-1595 | ||
| 080 | _a06 | ||
| 080 | _a008 | ||
| 245 | 0 | 0 | _aAnales de la Universidad de Cádiz. |
| 260 |
_aCádiz : _bServicio de Publicaciones de la Universidad, _c1984- |
||
| 300 |
_a2 v. ; _c24 cm. |
||
| 310 | _aMensual | ||
| 362 | 0 | _aN. 1 (1984)- | |
| 650 | 7 |
_aEducación _2embne _912073 |
|
| 650 | 4 |
_aInstituciones científicas y diversas _913829 |
|
| 710 | 2 |
_aUniversidad de Cádiz. _9171718 |
|
| 852 |
_aES-MaACL _jHEM-D-205 _xJ-106 _d |
||
| 866 | 0 | _o1984-85. | |
| 999 |
_c154 _d154 |
||